000 00265nam a2200121Ia 4500
008 190216s9999||||xx |||||||||||||| ||und||
100 _aPottakadu S K
245 0 _aPulliman
260 _bPoorna Pubs Kozhikode
300 _a158
650 _aKathakal
942 _cBK
999 _c26900
_d26900